[Event "IND-ch Challengers (Women) 43rd"]
[Site "Chennai"]
[Date "2016.06.21"]
[Round "7"]
[White "Shweta, Gole"]
[Black "Goyal, Arunima"]
[Result "1-0"]
[WhiteElo "1901"]
[BlackElo "1646"]
[PlyCount "57"]
[EventDate "2016.06.17"]
[EventType "swiss"]
[EventRounds "11"]
[EventCountry "IND"]
[SourceTitle "CBM 173 Extra"]
[Source "ChessBase"]
[SourceDate "2016.08.29"]
[SourceVersion "1"]
[SourceVersionDate "2016.08.29"]
[SourceQuality "1"]

1. d4 d5 2. Nf3 Nf6 3. e3 e6 4. Bd3 Be7 5. b3 0-0 6. Nbd2 b6 7. Bb2 Bb7 8. 0-0 c5 9. Ne5 Nc6 10. f4 Rc8 11. a3 Qc7 12. Qe2 Rfd8 13. Rad1 Bd6 14. Nxc6 Bxc6 15. dxc5 Bxc5 16. Bxf6 gxf6 17. Rf3 Kf8 18. b4 Bd6 19. Rh3 Ke7 20. Nb3 Rg8 21. Nd4 Rg7 22. g3 Rh8 23. Rh6 Bd7 24. Qh5 f5 25. Qh4+ Kf8 26. Nxf5 exf5 27. Rxd6 Ke8 28. Rxd5 Be6 29. Bb5+ 1-0

[Event "Asia-ch Junior Girls blitz"]
[Site "Delhi"]
[Date "2016.05.11"]
[Round "4.1"]
[White "Shweta, Gole"]
[Black "Vaishali, Ramesh Babu"]
[Result "0-1"]
[WhiteElo "1869"]
[BlackElo "2110"]
[PlyCount "108"]
[EventDate "2016.05.11"]
[EventType "swiss (blitz)"]
[EventRounds "9"]
[EventCountry "IND"]
[SourceTitle "EXT 2022"]
[Source "ChessBase"]
[SourceDate "2021.10.06"]
[SourceVersion "1"]
[SourceVersionDate "2021.10.06"]
[SourceQuality "1"]

1. d4 Nf6 2. Nf3 c5 3. dxc5 e6 4. a3 a5 5. c4 Bxc5 6. Nc3 0-0 7. Bg5 Nc6 8. e3 b6 9. Bd3 Bb7 10. Ne4 Be7 11. Bxf6 Bxf6 12. Qc2 Be7 13. 0-0 Rc8 14. Rad1 f5 15. Nc3 Qe8 16. e4 fxe4 17. Nxe4 Rxf3 18. gxf3 Nd4 19. Qc1 Nxf3+ 20. Kh1 Bg5 21. Nxg5 Nxg5+ 22. f3 Nxf3 23. Kg2 Qh5 24. Qf4 Ng5+ 25. Kg3 Qh3+ 26. Kf2 Rf8 27. Qxf8+ Kxf8 28. Ke2+ Ke7 29. Kd2 Qxh2+ 30. Kc1 Ne4 31. Bxe4 Bxe4 32. Rd2 Qe5 33. Re1 Qf4 34. Kd1 Qf3+ 35. Kc1 Bf5 36. Red1 e5 37. Re1 e4 38. Rde2 g5 39. Re3 Qf4 40. Kd1 g4 41. Ke2 g3 42. Kd2 g2 43. Ke2 Bg4+ 44. Kd2 Qf2+ 45. Kc3 Bf3 46. Rxf3 Qxf3+ 47. Kc2 Qf2+ 48. Kd1 g1Q 49. Rxg1 Qxg1+ 50. Kc2 e3 51. Kd3 Qf2 52. Kd4 e2+ 53. Kc3 Qe3+ 54. Kc2 e1Q 0-1

[Event "Asia-ch U20 Girls"]
[Site "New Delhi"]
[Date "2016.05.08"]
[Round "6"]
[White "Varshini, Veileven"]
[Black "Shweta, Gole"]
[Result "1/2-1/2"]
[WhiteElo "2223"]
[BlackElo "1879"]
[PlyCount "100"]
[EventDate "2016.05.04"]
[EventType "swiss"]
[EventRounds "9"]
[EventCountry "IND"]
[SourceTitle "CBM 172 Extra"]
[Source "ChessBase"]
[SourceDate "2016.06.21"]
[SourceVersion "1"]
[SourceVersionDate "2016.06.21"]
[SourceQuality "1"]

1. e4 e6 2. d4 d5 3. e5 c5 4. c3 Qb6 5. Nf3 Bd7 6. Bd3 cxd4 7. cxd4 Bb5 8. 0-0 Bxd3 9. Qxd3 Ne7 10. Nc3 Nec6 11. Be3 Nd7 12. Rac1 Be7 13. Nd2 0-0 14. f4 f5 15. exf6 Nxf6 16. h3 Rac8 17. Nb3 Nb4 18. Qb1 Qd6 19. a3 Nc6 20. Qd3 b6 21. Nd2 Na5 22. Ne2 Qd7 23. b4 Nb7 24. Nf3 Nd6 25. Ne5 Qa4 26. Nc3 Qe8 27. b5 Nfe4 28. Nc6 Nxc3 29. Rxc3 Qd7 30. Rfc1 Nc4 31. a4 Bd6 32. Rf1 Nb2 33. Qc2 Nc4 34. Bc1 Rf6 35. Qe2 Rcf8 36. Rcf3 Qc7 37. g4 Qd7 38. Qg2 a6 39. R3f2 axb5 40. axb5 Bb8 41. h4 Rc8 42. f5 Bc7 43. fxe6 Rxe6 44. Rf5 Ne3 45. Bxe3 Rxe3 46. Rxd5 Qe6 47. Ne5 Bxe5 48. Rxe5 Rxe5 49. dxe5 Qxe5 50. Qf2 Qc5 1/2-1/2

[Event "Asia-ch U20 Girls rapid"]
[Site "New Delhi"]
[Date "2016.05.03"]
[Round "5"]
[White "Priyamvada, Karamcheti"]
[Black "Shweta, Gole"]
[Result "0-1"]
[WhiteElo "1766"]
[BlackElo "1879"]
[PlyCount "104"]
[EventDate "2016.05.03"]
[EventType "swiss (rapid)"]
[EventRounds "9"]
[EventCountry "IND"]
[SourceTitle "CBM 172 Extra"]
[Source "ChessBase"]
[SourceDate "2016.06.21"]
[SourceVersion "1"]
[SourceVersionDate "2016.06.21"]
[SourceQuality "1"]

1. d4 Nf6 2. c4 e6 3. Nc3 c5 4. d5 exd5 5. cxd5 d6 6. e4 g6 7. Bf4 a6 8. Nf3 Bg7 9. Qa4+ Bd7 10. Qb3 Bc8 11. Qa4+ b5 12. Bxb5+ axb5 13. Qxa8 Ba6 14. a4 b4 15. Nb5 Nxe4 16. 0-0 0-0 17. Rfe1 f5 18. Rab1 Rf7 19. Nd2 Bb7 20. Qa7 Bxd5 21. Qxf7+ Bxf7 22. Nxe4 fxe4 23. Nxd6 Nc6 24. Rxe4 g5 25. Bg3 Bg6 26. Rbe1 Bxe4 27. Rxe4 Be5 28. Bxe5 Nxe5 29. Rxe5 Qxd6 30. Re1 c4 31. a5 c3 32. bxc3 bxc3 33. g3 c2 34. a6 Qxa6 35. Rc1 Qd3 36. Kg2 Qd5+ 37. Kg1 Qd1+ 38. Rxd1 cxd1Q+ 39. Kg2 g4 40. h4 h5 41. Kh2 Qf1 42. f3 Qf2+ 43. Kh1 Qxf3+ 44. Kh2 Kf7 45. Kg1 Qxg3+ 46. Kh1 Qe1+ 47. Kg2 Kf6 48. Kh2 Kf5 49. Kg2 Qe2+ 50. Kh1 g3 51. Kg1 Qf2+ 52. Kh1 Qh2# 0-1

[Event "Wch U20 Girls 32nd"]
[Site "Pune"]
[Date "2014.10.09"]
[Round "4"]
[White "Shweta, Gole"]
[Black "Gagare, Shalmali"]
[Result "1-0"]
[WhiteElo "1881"]
[BlackElo "2088"]
[PlyCount "154"]
[EventDate "2014.10.06"]
[EventType "swiss"]
[EventRounds "13"]
[EventCountry "IND"]
[SourceTitle "EXT 2015"]
[Source "ChessBase"]
[SourceDate "2014.11.20"]
[SourceVersion "1"]
[SourceVersionDate "2014.11.20"]
[SourceQuality "1"]

1. d4 d5 2. Nf3 Nf6 3. c4 c6 4. e3 g6 5. Nc3 Bg7 6. Qb3 0-0 7. Bd2 b6 8. cxd5 cxd5 9. Ne5 Bb7 10. Rc1 Nbd7 11. f4 e6 12. Be2 Nxe5 13. fxe5 Nd7 14. 0-0 f6 15. Bg4 fxe5 16. Bxe6+ Kh8 17. Bxd5 Bxd5 18. Qxd5 exd4 19. exd4 Rxf1+ 20. Rxf1 Nf8 21. Qxd8 Rxd8 22. d5 Bd4+ 23. Kh1 Kg7 24. Rd1 Bxc3 25. Bxc3+ Kf7 26. Kg1 Nd7 27. b4 Ke7 28. Kf2 Kd6 29. Bd2 Rf8+ 30. Kg3 Nf6 31. Bf4+ Kd7 32. Rd4 Rc8 33. Be5 Ne8 34. Rh4 h5 35. Rf4 Ke7 36. Rf3 Nd6 37. Bxd6+ Kxd6 38. Ra3 Rc4 39. Rxa7 Rg4+ 40. Kf3 Kxd5 41. b5 Kc5 42. a4 Kb4 43. Ra6 Kc5 44. Ra8 Kb4 45. Ra7 Kc5 46. h3 Rd4 47. Rc7+ Kb4 48. Ke3 Rh4 49. Rb7 Kc5 50. Ra7 Kb4 51. Ra6 Kc5 52. a5 bxa5 53. Rxa5 Rc4 54. Ra6 Kxb5 55. Rxg6 Rc5 56. Kf4 Kb4 57. h4 Kb3 58. Rg5 Rc2 59. Kg3 Rc3+ 60. Kh2 Kc4 61. Rxh5 Kd4 62. Rf5 Ke4 63. Rf8 Rc5 64. Kh3 Ke5 65. h5 Ke6 66. g4 Ke7 67. Rf4 Rc1 68. Kh4 Rh1+ 69. Kg5 Rb1 70. h6 Rb5+ 71. Rf5 Rb1 72. h7 Rb8 73. Kg6 Ke6 74. Rf1 Rc8 75. Re1+ Kd7 76. Kg7 Rc4 77. Rg1 Kd6 1-0

[Event "IND-ch U19 Girls 29th"]
[Site "Mumbai"]
[Date "2014.07.12"]
[Round "4"]
[White "Shweta, Gole"]
[Black "Saranya, J."]
[Result "0-1"]
[WhiteElo "1919"]
[BlackElo "2067"]
[PlyCount "98"]
[EventDate "2014.07.10"]
[EventType "swiss"]
[EventRounds "11"]
[EventCountry "IND"]
[SourceTitle "EXT 2016"]
[Source "ChessBase"]
[SourceDate "2015.10.08"]
[SourceVersion "1"]
[SourceVersionDate "2015.10.08"]
[SourceQuality "1"]

1. d4 Nf6 2. c4 g6 3. Nc3 Bg7 4. e4 d6 5. f4 c5 6. d5 0-0 7. Nf3 a6 8. a4 e5 9. fxe5 dxe5 10. Be2 Nh5 11. Bg5 Qd6 12. Qd2 Nd7 13. 0-0 Nf4 14. Ne1 Nxe2+ 15. Nxe2 f5 16. Bh6 Bxh6 17. Qxh6 f4 18. Nd3 Nf6 19. Nc3 Ng4 20. Qg5 h6 21. Qh4 g5 22. Qe1 Ne3 23. Rf2 Nxc4 24. Nd1 Nb6 25. Qc3 Nd7 26. Rc1 b6 27. a5 Bb7 28. axb6 Rac8 29. b3 Nf6 30. Re2 Qxb6 31. N1f2 Nd7 32. Nxe5 Nxe5 33. Qxe5 Rce8 34. Qb2 f3 35. Rec2 fxg2 36. Rxc5 Re7 37. Kxg2 Ref7 38. Nd3 Qg6 39. Qe2 Re8 40. Nf2 Ref8 41. Ng4 Rf4 42. e5 Qe6 43. h3 Bxd5+ 44. Kg1 Bf3 45. Qd3 Rxg4+ 46. hxg4 Qxg4+ 47. Kf1 Be2+ 48. Ke1 Bxd3 49. Kd2 Qd4 0-1

[Event "IND-ch U19 Girls 28th"]
[Site "Lucknow"]
[Date "2013.07.11"]
[Round "2"]
[White "Shweta, Gole"]
[Black "Nandhidhaa, PV."]
[Result "1/2-1/2"]
[WhiteElo "1897"]
[BlackElo "2144"]
[PlyCount "66"]
[EventDate "2013.07.10"]
[EventType "swiss"]
[EventRounds "11"]
[EventCountry "IND"]
[SourceTitle "CBM 155 Extra"]
[Source "ChessBase"]
[SourceDate "2013.08.26"]
[SourceVersion "1"]
[SourceVersionDate "2013.08.26"]
[SourceQuality "1"]

1. d4 Nf6 2. Nf3 d5 3. e3 e6 4. Bd3 c5 5. b3 Nbd7 6. Bb2 b6 7. 0-0 Bb7 8. Nbd2 Be7 9. Ne5 0-0 10. f4 Ne4 11. Nxe4 dxe4 12. Bc4 Nxe5 13. dxe5 Qxd1 14. Raxd1 Bc6 15. g4 b5 16. Be2 g6 17. Kg2 a5 18. Kg3 a4 19. a3 axb3 20. cxb3 Bd5 21. Bxb5 Rfb8 22. Rxd5 Rxb5 23. Rd7 Rxb3 24. Rxe7 Rxb2 25. f5 Rxa3 26. fxe6 fxe6 27. Re8+ Kg7 28. Re7+ Kg8 29. Re8+ Kg7 30. Re7+ Kg8 31. Re8+ Kg7 32. Re7+ Kg8 33. Re8+ Kg7 1/2-1/2

[Event "Maharashtra-chT"]
[Site "Pune"]
[Date "2013.04.25"]
[Round "3"]
[White "Ganguly, Surya Shekhar"]
[Black "Shweta, Gole"]
[Result "1-0"]
[WhiteElo "2623"]
[BlackElo "1934"]
[PlyCount "67"]
[EventDate "2013.04.24"]
[EventType "team-tourn"]
[EventRounds "5"]
[EventCountry "IND"]
[SourceTitle "CBM 154 Extra"]
[Source "ChessBase"]
[SourceDate "2013.06.25"]
[SourceVersion "2"]
[SourceVersionDate "2013.06.25"]
[SourceQuality "1"]
[WhiteTeam "Thane Combatants"]
[BlackTeam "Nagpur Royals"]
[WhiteTeamCountry "IND"]
[BlackTeamCountry "IND"]

1. d4 Nf6 2. c4 c5 3. d5 e6 4. g3 exd5 5. cxd5 d6 6. Nc3 g6 7. Bg2 Bg7 8. Nf3 0-0 9. 0-0 Na6 10. Bf4 Nc7 11. a4 b6 12. e4 Bg4 13. Qb3 Bxf3 14. Bxf3 Rb8 15. Rfe1 a6 16. e5 dxe5 17. Bxe5 Nfe8 18. Bxg7 Nxg7 19. Bg4 h5 20. Bh3 b5 21. Rad1 bxa4 22. Qc4 Rxb2 23. Qxc5 Rc2 24. Qb4 Nb5 25. Nxa4 Qf6 26. Rf1 Nd6 27. Nc5 Rd8 28. Nd7 Qe7 29. Rde1 a5 30. Qa3 Re2 31. Rxe2 Qxe2 32. Qxd6 Kh8 33. Qf4 Qe7 34. d6 1-0

[Event "IND-ch (Women) 39th"]
[Site "Jalgaon"]
[Date "2012.11.03"]
[Round "11"]
[White "Shweta, Gole"]
[Black "Rajasurya, J."]
[Result "1-0"]
[WhiteElo "1955"]
[BlackElo "1941"]
[PlyCount "73"]
[EventDate "2012.10.24"]
[EventType "swiss"]
[EventRounds "11"]
[EventCountry "IND"]
[SourceTitle "EXT 2013"]
[Source "ChessBase"]
[SourceDate "2012.11.22"]
[SourceVersion "1"]
[SourceVersionDate "2012.11.22"]
[SourceQuality "1"]

1. d4 Nf6 2. Nf3 e6 3. e3 c5 4. Bd3 b6 5. 0-0 Bb7 6. c4 Be7 7. Nc3 0-0 8. d5 h6 9. e4 exd5 10. cxd5 d6 11. Ne1 Nfd7 12. f4 Ba6 13. Nf3 f6 14. Nh4 f5 15. Nxf5 Rxf5 16. exf5 Bf6 17. Re1 Nf8 18. Bc2 Nbd7 19. Ne4 Qc7 20. Rb1 Re8 21. Bd2 Bc4 22. Bc3 Bxc3 23. Nxc3 Rxe1+ 24. Qxe1 Nf6 25. b3 Bxd5 26. Qd2 Bc6 27. Re1 d5 28. h3 d4 29. Nd1 Qd6 30. Nf2 Qd5 31. Ne4 Qxf5 32. Nxf6+ Qxf6 33. Bd3 b5 34. Qe2 a6 35. a4 bxa4 36. bxa4 Bxa4 37. Qa2+ 1-0

[Event "IND-ch (Women) 39th"]
[Site "Jalgaon"]
[Date "2012.11.02"]
[Round "10"]
[White "Harini, S."]
[Black "Shweta, Gole"]
[Result "1-0"]
[WhiteElo "2013"]
[BlackElo "1955"]
[PlyCount "70"]
[EventDate "2012.10.24"]
[EventType "swiss"]
[EventRounds "11"]
[EventCountry "IND"]
[SourceTitle "EXT 2013"]
[Source "ChessBase"]
[SourceDate "2012.11.22"]
[SourceVersion "1"]
[SourceVersionDate "2012.11.22"]
[SourceQuality "1"]

1. e4 e6 2. d4 d5 3. Nc3 Nf6 4. e5 Nfd7 5. f4 c5 6. Nf3 Nc6 7. Be3 Qb6 8. Qd2 c4 9. Rb1 Qa5 10. a3 b5 11. f5 b4 12. axb4 Bxb4 13. fxe6 fxe6 14. Be2 Rb8 15. 0-0 Bxc3 16. bxc3 Rxb1 17. Rxb1 Nb6 18. Qe1 Qa3 19. Bd2 Qe7 20. Ra1 Qf7 21. Bc1 Qf5 22. Qg3 Rg8 23. Ng5 Qxc2 24. Bh5+ Kd8 25. Ba3 h6 26. Bf7 Rh8 27. Nxe6+ Bxe6 28. Bxe6 Re8 29. Bf7 Rh8 30. Qxg7 Rh7 31. Qg8+ Kc7 32. Bd6+ Kb7 33. Bg6 Qxc3 34. Qxh7+ Ka8 35. Rf1 Qxd4+ 1-0

[Event "IND-ch (Women) 39th"]
[Site "Jalgaon"]
[Date "2012.10.30"]
[Round "7"]
[White "Shweta, Gole"]
[Black "Kotepalli, Sai Nirupama"]
[Result "1/2-1/2"]
[WhiteElo "1955"]
[BlackElo "1957"]
[PlyCount "63"]
[EventDate "2012.10.24"]
[EventType "swiss"]
[EventRounds "11"]
[EventCountry "IND"]
[SourceTitle "EXT 2013"]
[Source "ChessBase"]
[SourceDate "2012.11.22"]
[SourceVersion "1"]
[SourceVersionDate "2012.11.22"]
[SourceQuality "1"]

1. d4 Nc6 2. Nf3 d5 3. Bf4 Bg4 4. Ne5 Nxe5 5. Bxe5 e6 6. c4 f6 7. Bg3 c6 8. cxd5 exd5 9. Nc3 Nh6 10. Qc2 Bf5 11. Qd2 Bb4 12. e3 0-0 13. Be2 Nf7 14. a3 Bd6 15. Rc1 b5 16. Bd3 Qd7 17. Ne2 Bxd3 18. Qxd3 Be7 19. h4 a5 20. h5 Rfe8 21. Bf4 a4 22. Ng3 Bd6 23. Ne2 Re4 24. Rh3 Rae8 25. Kf1 Bxf4 26. Nxf4 Nd6 27. Kg1 Nc4 28. Rc2 Qd6 29. Qc3 Qd7 30. Rc1 Qf5 31. Rf3 Qd7 32. Rh3 1/2-1/2

[Event "IND-ch (Women) 39th"]
[Site "Jalgaon"]
[Date "2012.10.25"]
[Round "2"]
[White "Shweta, Gole"]
[Black "Raghavi, Nagarajan"]
[Result "1/2-1/2"]
[WhiteElo "1955"]
[BlackElo "2113"]
[PlyCount "122"]
[EventDate "2012.10.24"]
[EventType "swiss"]
[EventRounds "11"]
[EventCountry "IND"]
[SourceTitle "EXT 2013"]
[Source "ChessBase"]
[SourceDate "2012.11.22"]
[SourceVersion "1"]
[SourceVersionDate "2012.11.22"]
[SourceQuality "1"]

1. d4 d5 2. Nf3 Nf6 3. e3 c5 4. dxc5 Qa5+ 5. Nbd2 g6 6. a3 Qxc5 7. c4 dxc4 8. Nxc4 Bg7 9. b4 Qh5 10. Bb2 Nc6 11. Be2 Bg4 12. h3 0-0 13. 0-0 Bxf3 14. Bxf3 Qb5 15. Rc1 Rfd8 16. Qc2 Rac8 17. a4 Qg5 18. Qb3 b5 19. Bxc6 Rxc6 20. Ne5 Re6 21. Nf3 Qd5 22. Qxd5 Nxd5 23. Bxg7 Kxg7 24. Nd4 Re4 25. axb5 Rd7 26. Rfd1 e6 27. Ra1 Rb7 28. Ra5 Nc7 29. Rc1 e5 30. Nc6 Nxb5 31. Rc5 Nd6 32. Rxe5 Rxe5 33. Rxe5 Rb6 34. Rc5 Nb7 35. Rc1 a6 36. Kf1 Rb5 37. Ra1 Rb6 38. Rc1 Rb5 39. Ra1 Rb6 40. Ne5 Rxb4 41. Rxa6 Rb5 42. f4 g5 43. g3 gxf4 44. gxf4 f6 45. Ng4 Rf5 46. Ke2 Nc5 47. Rc6 Ne4 48. Rc4 Nd6 49. Rc7+ Kg6 50. Kf3 Rh5 51. Nf2 Ra5 52. Rc6 Ne8 53. e4 Ra3+ 54. Ke2 Kf7 55. Rb6 Rg3 56. Rb7+ Kg8 57. Rd7 Ng7 58. Rd8+ Kf7 59. f5 Nh5 60. Rd7+ Kg8 61. Ng4 Rxh3 1/2-1/2

[Event "Mumbai Mayors Cup 5th"]
[Site "Mumbai"]
[Date "2012.06.08"]
[Round "2"]
[White "Shweta, Gole"]
[Black "Kulkarni, Vikramaditya"]
[Result "0-1"]
[WhiteElo "2028"]
[BlackElo "2455"]
[PlyCount "80"]
[EventDate "2012.06.07"]
[EventType "swiss"]
[EventRounds "11"]
[EventCountry "IND"]
[SourceTitle "CBM 148 Extra"]
[Source "ChessBase"]
[SourceDate "2012.06.22"]
[SourceVersion "1"]
[SourceVersionDate "2012.06.22"]
[SourceQuality "1"]

1. d4 d5 2. Nf3 e6 3. e3 c5 4. b3 cxd4 5. exd4 Bb4+ 6. c3 Bd6 7. Bd3 Ne7 8. 0-0 Nbc6 9. Qe2 Ng6 10. g3 0-0 11. Bb2 Re8 12. c4 b6 13. Ne5 Bb7 14. Nd2 dxc4 15. Ndxc4 Nb4 16. Be4 Nd5 17. Rac1 Nf8 18. Nxd6 Qxd6 19. Nc4 Qe7 20. Ba3 Qg5 21. Nd6 Re7 22. Nxb7 Rxb7 23. Qb5 Ng6 24. Bxd5 exd5 25. Qa6 Rbb8 26. Rc7 h5 27. Rfc1 Nf4 28. Rc8+ Rxc8 29. Rxc8+ Rxc8 30. Qxc8+ Kh7 31. Qc2+ g6 32. Qc7 Nh3+ 33. Kg2 Qf5 34. f4 g5 35. Qe5 Qg4 36. fxg5 Nxg5 37. Qe3 h4 38. Bc1 h3+ 39. Kf2 Qf5+ 40. Qf4 Qc2+ 0-1

[Event "London Classic op"]
[Site "London"]
[Date "2011.12.08"]
[Round "6"]
[White "Shweta, Gole"]
[Black "Willmoth, Robert"]
[Result "1/2-1/2"]
[WhiteElo "1999"]
[BlackElo "2169"]
[PlyCount "73"]
[EventDate "2011.12.03"]
[EventType "swiss"]
[EventRounds "9"]
[EventCountry "ENG"]
[SourceTitle "CBM 145 Extra"]
[Source "ChessBase"]
[SourceDate "2012.01.03"]
[SourceVersion "1"]
[SourceVersionDate "2012.01.03"]
[SourceQuality "1"]

1. d4 d6 2. Nf3 Bg4 3. c4 Nd7 4. Nc3 Bxf3 5. exf3 Ngf6 6. Bd3 c5 7. d5 g6 8. 0-0 Bg7 9. Re1 0-0 10. Bg5 h6 11. Bh4 Re8 12. f4 a6 13. a4 Rb8 14. Qd2 Nf8 15. Re3 Qd7 16. Rh3 N6h7 17. Re1 b6 18. Rhe3 g5 19. Bg3 Rbd8 20. fxg5 hxg5 21. Rf3 Bxc3 22. Qxc3 Qxa4 23. h4 e6 24. dxe6 Rxe6 25. Rxe6 fxe6 26. Bxh7+ Nxh7 27. Qd3 Qe8 28. hxg5 Rd7 29. Bh4 d5 30. g6 Nf8 31. Bf6 dxc4 32. Qe3 Nxg6 33. Rg3 Kf7 34. Rxg6 Kxg6 35. Qg5+ Kh7 36. Qh4+ Kg6 37. Qg5+ 1/2-1/2

[Event "London Classic op"]
[Site "London"]
[Date "2011.12.06"]
[Round "4"]
[White "Shweta, Gole"]
[Black "Burnham, Frank"]
[Result "1-0"]
[WhiteElo "1999"]
[BlackElo "1788"]
[PlyCount "101"]
[EventDate "2011.12.03"]
[EventType "swiss"]
[EventRounds "9"]
[EventCountry "ENG"]
[SourceTitle "CBM 145 Extra"]
[Source "ChessBase"]
[SourceDate "2012.01.03"]
[SourceVersion "1"]
[SourceVersionDate "2012.01.03"]
[SourceQuality "1"]

1. d4 d5 2. Nf3 e6 3. Bf4 Nf6 4. e3 Be7 5. Bd3 0-0 6. Nbd2 Nbd7 7. Ne5 c5 8. c3 Qb6 9. Rb1 Bd6 10. Qf3 c4 11. Bc2 Qc7 12. Qg3 Kh8 13. Ng6+ fxg6 14. Bxd6 Qd8 15. Bxf8 Qxf8 16. 0-0 a6 17. Nf3 Ng8 18. Qh3 Qe8 19. Nh4 Nh6 20. Nf3 e5 21. dxe5 Nxe5 22. Qg3 Nhf7 23. Rfe1 Bf5 24. Bxf5 gxf5 25. Rbd1 Rd8 26. Rd2 Ng4 27. Qf4 Nfh6 28. Red1 Nf6 29. Qxc4 Nhg4 30. Qf4 g6 31. h3 Nh5 32. Qd4+ Ngf6 33. g4 fxg4 34. hxg4 Kg8 35. gxh5 Nxh5 36. Qe5 Qf7 37. Rxd5 Rf8 38. Rd8 Qxf3 39. Qd5+ Qxd5 40. R1xd5 Nf6 41. Rxf8+ Kxf8 42. Rd8+ Ke7 43. Rb8 b5 44. Rb6 h5 45. Rxa6 g5 46. Rb6 g4 47. Rxb5 Ke6 48. a4 Kd6 49. a5 Ne4 50. a6 g3 51. fxg3 1-0

[Event "London Classic op"]
[Site "London"]
[Date "2011.12.05"]
[Round "3"]
[White "Thingstad, Even"]
[Black "Shweta, Gole"]
[Result "1-0"]
[WhiteElo "2213"]
[BlackElo "1999"]
[PlyCount "125"]
[EventDate "2011.12.03"]
[EventType "swiss"]
[EventRounds "9"]
[EventCountry "ENG"]
[SourceTitle "CBM 145 Extra"]
[Source "ChessBase"]
[SourceDate "2012.01.03"]
[SourceVersion "1"]
[SourceVersionDate "2012.01.03"]
[SourceQuality "1"]

1. d4 Nf6 2. c4 c5 3. d5 e6 4. Nc3 exd5 5. cxd5 d6 6. e4 g6 7. Nf3 Bg7 8. h3 0-0 9. Bd3 Re8 10. 0-0 Nbd7 11. Re1 a6 12. a4 h6 13. Bf4 Nf8 14. Bh2 g5 15. e5 dxe5 16. Nxe5 N8d7 17. Nc4 Rxe1+ 18. Qxe1 Nb6 19. Rd1 Nxc4 20. Bxc4 Bd7 21. d6 Qe8 22. Qd2 b5 23. Re1 Qb8 24. axb5 axb5 25. Nxb5 Bxb5 26. d7 Qb6 27. Bxb5 Qxb5 28. d8Q+ Rxd8 29. Qxd8+ Kh7 30. Be5 Qb4 31. Bc3 Qf4 32. Qd3+ Kg8 33. Qd8+ Kh7 34. Qd3+ Kg8 35. Be5 Qb4 36. Ra1 Nh7 37. Ra8+ Nf8 38. Bc3 Qf4 39. g3 Qc7 40. Rd8 Bxc3 41. bxc3 Kg7 42. Qd5 Qe7 43. Rb8 Qe1+ 44. Kg2 Ne6 45. Rb7 Qe2 46. Qf3 Qxf3+ 47. Kxf3 h5 48. Ke4 Kf6 49. Kd5 g4 50. h4 Kg6 51. Ke5 Nf8 52. Rc7 Ne6 53. Rc6 Kg7 54. Rxe6 fxe6 55. Kxe6 Kg6 56. c4 Kg7 57. Kd5 Kf6 58. Kxc5 Ke5 59. Kb6 Ke4 60. c5 Kf3 61. c6 Kxf2 62. c7 Kxg3 63. c8Q 1-0

[Event "London Classic op"]
[Site "London"]
[Date "2011.12.04"]
[Round "2"]
[White "Shweta, Gole"]
[Black "Siddiqui, Nida Mishraz"]
[Result "1-0"]
[WhiteElo "1999"]
[BlackElo "1738"]
[PlyCount "67"]
[EventDate "2011.12.03"]
[EventType "swiss"]
[EventRounds "9"]
[EventCountry "ENG"]
[SourceTitle "CBM 145 Extra"]
[Source "ChessBase"]
[SourceDate "2012.01.03"]
[SourceVersion "1"]
[SourceVersionDate "2012.01.03"]
[SourceQuality "1"]

1. d4 Nf6 2. Nf3 d6 3. c4 g6 4. Nc3 Bg7 5. Bg5 Nbd7 6. e3 0-0 7. Be2 c5 8. 0-0 h6 9. Bh4 g5 10. Bg3 Nh5 11. d5 Nxg3 12. hxg3 b5 13. cxb5 a6 14. bxa6 Bxa6 15. Bxa6 Rxa6 16. Qd3 Qa5 17. Rfc1 Rb8 18. b3 Rba8 19. a4 Bxc3 20. Rxc3 Nf6 21. Rac1 Rb6 22. e4 Rab8 23. e5 Ng4 24. Qf5 Nxe5 25. Nxe5 dxe5 26. Rxc5 Qd2 27. Qxe5 Rxb3 28. Rc8+ Rxc8 29. Rxc8+ Kh7 30. Rh8+ Kg6 31. Rg8+ Kh5 32. Qf5 Rb4 33. Qh3+ Rh4 34. g4# 1-0

[Event "London Classic op"]
[Site "London"]
[Date "2011.12.03"]
[Round "1"]
[White "Bates, Richard"]
[Black "Shweta, Gole"]
[Result "1-0"]
[WhiteElo "2386"]
[BlackElo "1999"]
[PlyCount "59"]
[EventDate "2011.12.03"]
[EventType "swiss"]
[EventRounds "9"]
[EventCountry "ENG"]
[SourceTitle "CBM 145 Extra"]
[Source "ChessBase"]
[SourceDate "2012.01.03"]
[SourceVersion "1"]
[SourceVersionDate "2012.01.03"]
[SourceQuality "1"]

1. d4 Nf6 2. Nf3 c5 3. d5 e6 4. c4 exd5 5. cxd5 d6 6. e4 g6 7. h3 Bg7 8. Bd3 0-0 9. 0-0 c4 10. Bc2 b5 11. Nd4 a6 12. Be3 Re8 13. Nd2 Bb7 14. a4 b4 15. Nxc4 Nxe4 16. a5 Nc5 17. Qd2 Qc7 18. Nb6 Ra7 19. Qxb4 Bc8 20. Rae1 Rb7 21. Bg5 Re5 22. Nf3 Rxe1 23. Rxe1 Bd7 24. Qh4 Ra7 25. Bd8 Qb7 26. b4 h6 27. bxc5 dxc5 28. Ba4 Bxa4 29. Qxa4 Bf8 30. Re8 1-0

[Event "IND-ch (Women) 38th"]
[Site "Chennai"]
[Date "2011.11.08"]
[Round "10"]
[White "Shweta, Gole"]
[Black "Madhurima, Shekhar"]
[Result "1/2-1/2"]
[WhiteElo "1999"]
[BlackElo "1906"]
[PlyCount "85"]
[EventDate "2011.10.29"]
[EventType "swiss"]
[EventRounds "11"]
[EventCountry "IND"]
[SourceTitle "EXT 2012"]
[Source "ChessBase"]
[SourceDate "2011.11.24"]
[SourceVersion "1"]
[SourceVersionDate "2011.11.24"]
[SourceQuality "1"]

1. d4 d5 2. Nf3 Nf6 3. e3 c5 4. b3 Nc6 5. a3 cxd4 6. exd4 Bg4 7. Bb2 e6 8. Be2 Bd6 9. Ne5 Bf5 10. 0-0 0-0 11. Kh1 Nd7 12. f4 f6 13. Nxd7 Qxd7 14. Bd3 Bc7 15. Bxf5 exf5 16. Nd2 Rad8 17. Qh5 Rfe8 18. Rf2 Re7 19. Raf1 Rde8 20. Qd1 Ba5 21. b4 Bc7 22. Nb3 b6 23. Bc1 Nd8 24. Qd3 Qe6 25. Bd2 Qe4 26. Qc3 Bb8 27. Bc1 Rc7 28. Qb2 Nf7 29. c3 Nd6 30. Nd2 Qe6 31. Qb3 Rce7 32. h3 Qf7 33. Qc2 Ne4 34. Nxe4 Rxe4 35. Qd3 Qe6 36. Bd2 Qc6 37. Qf3 b5 38. Qh5 g6 39. Qf3 a6 40. Qd1 Qe6 41. a4 Qc6 42. a5 Qe6 43. Qf3 1/2-1/2